[Event "Olympiad-39"]
[Site "Khanty-Mansiysk"]
[Date "2010.10.03"]
[Round "11.4"]
[White "Chua, Zheng Yuan Terry"]
[Black "Fitzsimons, David"]
[Result "1/2-1/2"]
[WhiteElo "2280"]
[BlackElo "2229"]
[PlyCount "113"]
[EventDate "2010.09.21"]
[EventType "team-swiss"]
[EventRounds "11"]
[EventCountry "RUS"]
[SourceTitle "CBM 139"]
[Source "ChessBase"]
[SourceDate "2010.11.18"]
[SourceVersion "1"]
[SourceVersionDate "2010.11.18"]
[SourceQuality "1"]
[WhiteTeam "Singapore"]
[BlackTeam "Ireland"]
[WhiteTeamCountry "SIN"]
[BlackTeamCountry "IRL"]

1. e4 e6 2. d4 d5 3. Nd2 a6 4. c3 c5 5. exd5 cxd4 6. Qa4+ Qd7 7. Qxd4 exd5 8. Ngf3 Nc6 9. Qd3 g6 10. Be2 Bg7 11. 0-0 Nge7 12. Nb3 0-0 13. Bf4 Nf5 14. Rad1 Qe7 15. Bg5 Qe4 16. Qd2 b6 17. Qxd5 Qxe2 18. Qxc6 Be6 19. Rd2 Qb5 20. Qxb5 axb5 21. Nbd4 Nxd4 22. Nxd4 Bc4 23. Ra1 b4 24. a3 bxc3 25. bxc3 Ra5 26. Be7 Rfa8 27. Rb1 Bf8 28. Bb4 Bxb4 29. cxb4 Rxa3 30. f3 Rd8 31. Rc1 Rd3 32. Rxd3 Bxd3 33. Nc6 Rd6 34. Kf2 Bb5 35. Na7 Bd7 36. Rc7 Kg7 37. Ke3 Kf6 38. Nc8 Bxc8 39. Rxc8 h5 40. h4 Ke5 41. Rc7 f6 42. Rc4 f5 43. f4+ Ke6 44. Rc3 Ke7 45. Rc7+ Ke6 46. Rc3 Ke7 47. Rd3 Re6+ 48. Kd2 Rc6 49. Rc3 Rd6+ 50. Rd3 Rc6 51. Rd4 Ke6 52. Kd3 Rc1 53. Rc4 Rd1+ 54. Ke3 Kd5 55. Rc8 Rb1 56. Rd8+ Ke6 57. Rd4 1/2-1/2

[Event "Olympiad-39"]
[Site "Khanty-Mansiysk"]
[Date "2010.09.29"]
[Round "8.4"]
[White "Buss, Ralph"]
[Black "Chua, Zheng Yuan Terry"]
[Result "1-0"]
[WhiteElo "2433"]
[BlackElo "2280"]
[PlyCount "55"]
[EventDate "2010.09.21"]
[EventType "team-swiss"]
[EventRounds "11"]
[EventCountry "RUS"]
[SourceTitle "CBM 139"]
[Source "ChessBase"]
[SourceDate "2010.11.18"]
[SourceVersion "1"]
[SourceVersionDate "2010.11.18"]
[SourceQuality "1"]
[WhiteTeam "Switzerland"]
[BlackTeam "Singapore"]
[WhiteTeamCountry "SUI"]
[BlackTeamCountry "SIN"]

1. Nf3 f5 2. d4 Nf6 3. g3 g6 4. Bg2 Bg7 5. 0-0 d6 6. b3 0-0 7. Bb2 c6 8. Nbd2 Na6 9. c4 e5 10. dxe5 Ng4 11. Qc2 Nxe5 12. Rad1 Qe7 13. a3 Be6 14. Nd4 Bf7 15. e4 fxe4 16. Nxe4 Nc5 17. Nxd6 Qxd6 18. Nf5 Qxd1 19. Ne7+ Kh8 20. Rxd1 Rae8 21. f4 Ncd3 22. Rxd3 Nxd3 23. Bxg7+ Kxg7 24. Qc3+ Kh6 25. Qf6 Rxe7 26. Qxe7 Kg7 27. Qe3 Rd8 28. Bf1 1-0

[Event "Olympiad-39"]
[Site "Khanty-Mansiysk"]
[Date "2010.09.24"]
[Round "4.4"]
[White "Ibarra Chami, Luis Fernando"]
[Black "Chua, Zheng Yuan Terry"]
[Result "1-0"]
[WhiteElo "2444"]
[BlackElo "2280"]
[PlyCount "89"]
[EventDate "2010.09.21"]
[EventType "team-swiss"]
[EventRounds "11"]
[EventCountry "RUS"]
[SourceTitle "CBM 139"]
[Source "ChessBase"]
[SourceDate "2010.11.18"]
[SourceVersion "1"]
[SourceVersionDate "2010.11.18"]
[SourceQuality "1"]
[WhiteTeam "Mexico"]
[BlackTeam "Singapore"]
[WhiteTeamCountry "MEX"]
[BlackTeamCountry "SIN"]

1. d4 f5 2. Nc3 Nf6 3. Bg5 d5 4. Bxf6 exf6 5. e3 Be6 6. Bd3 c6 7. h4 g6 8. h5 g5 9. h6 Qd7 10. Qh5+ Kd8 11. a3 a5 12. f4 Rg8 13. fxg5 fxg5 14. Na4 Qc7 15. 0-0-0 b5 16. Nc5 Bxc5 17. dxc5 Nd7 18. Nf3 Qg3 19. Rh3 Qg4 20. Nd4 Qxh5 21. Rxh5 Bf7 22. Rhh1 Kc7 23. Bxf5 Bg6 24. Rdf1 Nxc5 25. Bxg6 Rxg6 26. Rf7+ Kd6 27. Rxh7 Rf8 28. Rg7 Rgf6 29. Nf3 Ne6 30. e4 Rxf3 31. gxf3 Nxg7 32. hxg7 Rg8 33. Rh6+ Ke5 34. Rg6 dxe4 35. fxe4 Kf4 36. Kd2 g4 37. Kd3 Kf3 38. Kd4 Kf4 39. Kc5 Kxe4 40. Rxg4+ Kf5 41. Rg2 Kf6 42. Kxc6 b4 43. axb4 axb4 44. Kb7 Kf5 45. Kc7 1-0

[Event "Singapore schev"]
[Site "Singapore"]
[Date "2010.02.12"]
[Round "7"]
[White "Chua, Zheng Yuan Terry"]
[Black "Nadanian, Ashot S"]
[Result "1/2-1/2"]
[WhiteElo "2247"]
[BlackElo "2433"]
[PlyCount "152"]
[EventDate "2010.02.12"]
[EventType "schev"]
[EventRounds "10"]
[EventCountry "SIN"]
[SourceTitle "CBM 135 Extra"]
[Source "ChessBase"]
[SourceDate "2010.05.04"]
[SourceVersion "1"]
[SourceVersionDate "2010.05.04"]
[SourceQuality "1"]

1. e4 b6 2. d4 Bb7 3. Nc3 e6 4. Bd3 g6 5. Nf3 Bg7 6. Bg5 Ne7 7. Qd2 h6 8. Bh4 d6 9. 0-0-0 Nd7 10. Rhe1 a6 11. Bg3 b5 12. h4 Nb6 13. Kb1 Qd7 14. e5 d5 15. Ne2 Nc4 16. Qc1 b4 17. Nd2 a5 18. Rg1 Nb6 19. Nb3 Na4 20. h5 g5 21. f4 g4 22. Bf2 Ba6 23. Ng3 Bc4 24. Nf1 Qb5 25. Ne3 Ra6 26. Nc5 Rc6 27. Bxc4 dxc4 28. Nxa4 Qxa4 29. d5 b3 30. a3 exd5 31. c3 Qb5 32. Bh4 f6 33. Rge1 0-0 34. exf6 Bxf6 35. Bxf6 Rfxf6 36. Nxg4 Rfe6 37. Nxh6+ Rxh6 38. Rxe7 d4 39. Re5 Rc5 40. cxd4 Rxe5 41. fxe5 Rxh5 42. g4 c3 43. Qxc3 Rh2 44. Rc1 a4 45. Qf3 Qd7 46. Ka1 Qe7 47. Qa8+ Kg7 48. Qxa4 Qf7 49. Qc6 Kg8 50. e6 Qe7 51. Qd7 Rc2 52. Rf1 Qf6 53. Qe8+ Kg7 54. Qd7+ Kg8 55. Qe8+ Kg7 56. Rh1 Rh2 57. Qd7+ Kg6 58. Qe8+ Kg7 59. Qd7+ Kg6 60. Rb1 Re2 61. Qe8+ Kg7 62. Rc1 Rc2 63. Re1 Re2 64. Qd7+ Kg6 65. Rb1 Qxe6 66. Qxc7 Re1 67. Qc3 Rxb1+ 68. Kxb1 Qe4+ 69. Kc1 Qh1+ 70. Kd2 Qg2+ 71. Kd3 Qf1+ 72. Ke3 Qh3+ 73. Kd2 Qg2+ 74. Kd3 Qf1+ 75. Ke4 Qg2+ 76. Kd3 Qf1+ 1/2-1/2

[Event "Singapore-ch op"]
[Site "Singapore"]
[Date "2010.01.14"]
[Round "6"]
[White "Chua, Zheng Yuan Terry"]
[Black "Fernandez, Daniel Howard"]
[Result "1-0"]
[WhiteElo "2247"]
[BlackElo "2288"]
[PlyCount "59"]
[EventDate "2010.01.09"]
[EventType "swiss"]
[EventRounds "7"]
[EventCountry "SIN"]
[SourceTitle "CBM 134 Extra"]
[Source "ChessBase"]
[SourceDate "2010.03.03"]
[SourceVersion "1"]
[SourceVersionDate "2010.03.03"]
[SourceQuality "1"]

1. e4 e5 2. Nf3 Nc6 3. Bb5 a6 4. Ba4 Nge7 5. 0-0 g6 6. c3 Bg7 7. d4 exd4 8. cxd4 d5 9. exd5 Nxd5 10. Bg5 f6 11. Re1+ Nde7 12. Bf4 0-0 13. d5 Ne5 14. Nxe5 fxe5 15. Bxe5 Nxd5 16. Bb3 c6 17. Nc3 Bxe5 18. Rxe5 Qf6 19. Bxd5+ cxd5 20. Qxd5+ Kh8 21. Ne4 Qg7 22. Re1 Bg4 23. h3 Rad8 24. Qc5 b6 25. Qc3 Bf5 26. Ng5 Rd3 27. Qb4 Qf6 28. Re8 Rd8 29. Qxf8+ Qxf8 30. Rxd8 1-0

[Event "Asia-chT 16th Tata Steel"]
[Site "Kolkata"]
[Date "2009.12.28"]
[Round "7"]
[White "Chua, Zheng Yuan Terry"]
[Black "Murshed, Niaz"]
[Result "0-1"]
[WhiteElo "2256"]
[BlackElo "2409"]
[PlyCount "176"]
[EventDate "2009.12.22"]
[EventType "team-swiss"]
[EventRounds "7"]
[EventCountry "IND"]
[SourceTitle "EXT 2020"]
[Source "ChessBase"]
[SourceDate "2019.10.17"]
[SourceVersion "1"]
[SourceVersionDate "2019.10.17"]
[SourceQuality "1"]
[WhiteTeam "Singapore"]
[BlackTeam "Bangladesh"]
[WhiteTeamCountry "SIN"]
[BlackTeamCountry "BAN"]

1. e4 e6 2. d4 d5 3. Nd2 Nc6 4. Ngf3 Nf6 5. e5 Nd7 6. c3 f6 7. exf6 Qxf6 8. Bb5 Bd6 9. Nf1 0-0 10. Ne3 Ne7 11. 0-0 Ng6 12. Ng4 Qf5 13. h3 Nf4 14. Bxf4 Qxf4 15. Qc1 Qf5 16. Qe3 Nf6 17. Nge5 Ne4 18. Rae1 b6 19. Bd3 Bb7 20. Nd2 Bxe5 21. dxe5 Qf4 22. Nxe4 dxe4 23. Bxe4 Bxe4 24. Qxe4 Qxe4 25. Rxe4 Rad8 26. Rd4 c5 27. Rdd1 g5 28. g3 Kf7 29. Kg2 Ke7 30. Rfe1 h5 31. Rxd8 Rxd8 32. Kf3 Rd2 33. Re2 Rd1 34. Kg2 Kf7 35. f3 Kg6 36. Kf2 Rh1 37. Kg2 Rd1 38. b3 b5 39. Kf2 Rh1 40. Kg2 Rc1 41. g4 Rxc3 42. Kf2 Rd3 43. Rc2 Rd5 44. Re2 a6 45. a4 hxg4 46. hxg4 Kf7 47. axb5 axb5 48. Kg3 Ke7 49. Re3 Rd4 50. Rc3 c4 51. bxc4 Rxc4 52. Rd3 b4 53. Kf2 Rc5 54. Rb3 Rb5 55. f4 gxf4 56. Kf3 Kf7 57. Kxf4 Kg6 58. g5 Rb8 59. Kg4 Rb6 60. Kf4 Rb5 61. Kg4 Rxe5 62. Rxb4 Rxg5+ 63. Kf4 Ra5 64. Ke4 Kf6 65. Rb8 Ra4+ 66. Ke3 Kf5 67. Rb5+ e5 68. Rb8 Ra3+ 69. Ke2 Kf4 70. Rb4+ e4 71. Rb2 Rh3 72. Rb8 Rh2+ 73. Ke1 Kf3 74. Re8 Ke3 75. Kf1 Rh1+ 76. Kg2 Rd1 77. Re7 Re1 78. Ra7 Rc1 79. Ra3+ Ke2 80. Ra2+ Kd3 81. Ra8 e3 82. Rd8+ Ke2 83. Rd7 Rc8 84. Re7 Rg8+ 85. Kh2 Kf2 86. Rf7+ Ke1 87. Ra7 e2 88. Rd7 Rg5 0-1

[Event "Asia-chT 16th Tata Steel"]
[Site "Kolkata"]
[Date "2009.12.27"]
[Round "6"]
[White "Chua, Zheng Yuan Terry"]
[Black "Sasikiran, Krishnan"]
[Result "0-1"]
[WhiteElo "2256"]
[BlackElo "2664"]
[PlyCount "82"]
[EventDate "2009.12.22"]
[EventType "team-swiss"]
[EventRounds "7"]
[EventCountry "IND"]
[SourceTitle "EXT 2020"]
[Source "ChessBase"]
[SourceDate "2019.10.17"]
[SourceVersion "1"]
[SourceVersionDate "2019.10.17"]
[SourceQuality "1"]
[WhiteTeam "Singapore"]
[BlackTeam "India"]
[WhiteTeamCountry "SIN"]
[BlackTeamCountry "IND"]

1. e4 e5 2. Nf3 Nc6 3. Bb5 a6 4. Ba4 Nf6 5. 0-0 Be7 6. Re1 b5 7. Bb3 d6 8. c3 0-0 9. d3 Na5 10. Bc2 c5 11. Nbd2 Re8 12. Nf1 Nc6 13. Ng3 h6 14. h3 Be6 15. a4 Qc7 16. Nh4 d5 17. axb5 axb5 18. Rxa8 Rxa8 19. Nhf5 d4 20. cxd4 cxd4 21. Nxe7+ Qxe7 22. Bd2 Ra2 23. Qb1 b4 24. Rc1 Qb7 25. Nf5 b3 26. Bd1 Ne7 27. Nd6 Qb8 28. Nc4 Nd7 29. Na3 Qb7 30. f4 exf4 31. Bxf4 Ng6 32. Bd2 Nge5 33. Be2 Kh7 34. Be1 f6 35. Bf2 Qb4 36. Rd1 Nc5 37. Be1 Qb6 38. Qc1 Na4 39. Rd2 Rxa3 40. bxa3 b2 41. Qb1 Ba2 0-1

[Event "Asia-chT 16th Tata Steel"]
[Site "Kolkata"]
[Date "2009.12.24"]
[Round "3"]
[White "Chua, Zheng Yuan Terry"]
[Black "Moradiabadi, Elshan"]
[Result "0-1"]
[WhiteElo "2256"]
[BlackElo "2560"]
[PlyCount "80"]
[EventDate "2009.12.22"]
[EventType "team-swiss"]
[EventRounds "7"]
[EventCountry "IND"]
[SourceTitle "EXT 2020"]
[Source "ChessBase"]
[SourceDate "2019.10.17"]
[SourceVersion "1"]
[SourceVersionDate "2019.10.17"]
[SourceQuality "1"]
[WhiteTeam "Singapore"]
[BlackTeam "Iran"]
[WhiteTeamCountry "SIN"]
[BlackTeamCountry "IRI"]

1. e4 g6 2. d4 Bg7 3. Nc3 a6 4. f4 b5 5. Nf3 Bb7 6. Bd3 d6 7. 0-0 Nd7 8. e5 Nh6 9. Qe1 e6 10. a4 b4 11. Ne4 d5 12. Ned2 c5 13. dxc5 Nxc5 14. Nd4 0-0 15. a5 Qe7 16. N2b3 Nxb3 17. Nxb3 Rfc8 18. Bd2 Bf8 19. Ra4 Qd7 20. Ra1 Qe7 21. Ra4 Qd7 22. Ra1 Rc4 23. Be3 Nf5 24. Bxc4 dxc4 25. Nc5 Bxc5 26. Bxc5 Bxg2 27. Kxg2 Qd5+ 28. Kg1 Qxc5+ 29. Qf2 Qe7 30. Rad1 Rb8 31. Rd2 Qc7 32. Rfd1 Qxa5 33. Rd7 Rf8 34. Rb7 Qa4 35. Rbd7 Kg7 36. c3 bxc3 37. bxc3 Qa3 38. Qf3 a5 39. Rc7 Qb3 40. Rb7 Nh4 0-1

[Event "Asia-chT 16th Tata Steel"]
[Site "Kolkata"]
[Date "2009.12.22"]
[Round "1"]
[White "Nguyen, Ngoc Truong Son"]
[Black "Chua, Zheng Yuan Terry"]
[Result "1-0"]
[WhiteElo "2616"]
[BlackElo "2256"]
[PlyCount "99"]
[EventDate "2009.12.22"]
[EventType "team-swiss"]
[EventRounds "7"]
[EventCountry "IND"]
[SourceTitle "EXT 2020"]
[Source "ChessBase"]
[SourceDate "2019.10.17"]
[SourceVersion "1"]
[SourceVersionDate "2019.10.17"]
[SourceQuality "1"]
[WhiteTeam "Vietnam"]
[BlackTeam "Singapore"]
[WhiteTeamCountry "VIE"]
[BlackTeamCountry "SIN"]

1. Nf3 f5 2. c4 Nf6 3. g3 g6 4. Bg2 Bg7 5. 0-0 0-0 6. Nc3 d6 7. d4 c6 8. d5 e5 9. dxe6 Bxe6 10. b3 Na6 11. Bb2 Qe7 12. Ng5 Bd7 13. Qd2 Rad8 14. Rad1 Bc8 15. Rfe1 h6 16. Nh3 Nc5 17. Nf4 Qf7 18. Ba3 g5 19. Nd3 Nce4 20. Qc2 Rfe8 21. Bb2 Ng4 22. e3 Qh5 23. h3 Ne5 24. Nxe5 Nxc3 25. g4 fxg4 26. hxg4 Bxg4 27. Nxg4 Nxd1 28. Bxg7 Kxg7 29. Qxd1 Qg6 30. Qd4+ Kf7 31. Qxa7 Re7 32. e4 Qe6 33. Ne3 Kg6 34. Rd1 Red7 35. Nf5 Qe5 36. Qe3 Qf4 37. Qxf4 gxf4 38. Kf1 h5 39. Nh4+ Kf6 40. Nf3 Rf7 41. Bh3 Ke7 42. a4 Rf6 43. Nh4 Ke8 44. Ke2 d5 45. cxd5 cxd5 46. exd5 b5 47. a5 Rf7 48. Be6 Rc7 49. Nf5 Rc3 50. Rg1 1-0

[Event "Commonwealth op"]
[Site "Singapore"]
[Date "2009.12.13"]
[Round "8"]
[White "Chua, Zheng Yuan Terry"]
[Black "Phadke, Sohan"]
[Result "0-1"]
[WhiteElo "2256"]
[BlackElo "2214"]
[PlyCount "51"]
[EventDate "2009.12.10"]
[EventType "swiss"]
[EventRounds "9"]
[EventCountry "SIN"]
[SourceTitle "CBM 133 Extra"]
[Source "ChessBase"]
[SourceDate "2010.01.05"]
[SourceVersion "1"]
[SourceVersionDate "2010.01.05"]
[SourceQuality "1"]

1. e4 c5 2. Nf3 Nc6 3. Bb5 e6 4. Bxc6 bxc6 5. d3 d5 6. Nc3 Ne7 7. 0-0 Ng6 8. Re1 Be7 9. b3 0-0 10. Na4 e5 11. Ba3 f5 12. h3 fxe4 13. dxe4 Nf4 14. Bxc5 Bxc5 15. Nxc5 Bxh3 16. gxh3 Qd6 17. Ng5 Qxc5 18. exd5 Qe7 19. h4 h6 20. Nf3 e4 21. Qd4 cxd5 22. Re3 Qe6 23. Ne1 Qg4+ 24. Kf1 Qxh4 25. Rg3 Qh1+ 26. Rg1 0-1

[Event "Commonwealth op"]
[Site "Singapore"]
[Date "2009.12.12"]
[Round "6"]
[White "Fernandez, Daniel Howard"]
[Black "Chua, Zheng Yuan Terry"]
[Result "1-0"]
[WhiteElo "2230"]
[BlackElo "2256"]
[PlyCount "75"]
[EventDate "2009.12.10"]
[EventType "swiss"]
[EventRounds "9"]
[EventCountry "SIN"]
[SourceTitle "CBM 133 Extra"]
[Source "ChessBase"]
[SourceDate "2010.01.05"]
[SourceVersion "1"]
[SourceVersionDate "2010.01.05"]
[SourceQuality "1"]

1. e4 c5 2. Ne2 d6 3. Nbc3 Nf6 4. d4 cxd4 5. Nxd4 g6 6. Be3 a6 7. f3 Nbd7 8. Qd2 Bg7 9. g4 b5 10. h4 Bb7 11. h5 Qc7 12. h6 Bf8 13. g5 Nh5 14. a4 e5 15. Nde2 b4 16. Nd5 Bxd5 17. exd5 a5 18. f4 Rc8 19. Kf2 exf4 20. Nxf4 Nxf4 21. Bxf4 Qxc2 22. Rd1 Be7 23. Bb5 Kd8 24. Rhe1 f6 25. gxf6 Nxf6 26. Kg1 Qxd2 27. Rxd2 Rf8 28. Re6 Ne8 29. Rde2 Rxf4 30. Rxe7 Nf6 31. Bc6 Rg4+ 32. Kf1 Rf4+ 33. Ke1 Rxc6 34. dxc6 Rc4 35. Rf7 Ne4 36. Re3 d5 37. Rxh7 Rxc6 38. Ra7 1-0

[Event "Wch U16"]
[Site "Kemer"]
[Date "2009.11.21"]
[Round "10"]
[White "Nestorovic, Lazar"]
[Black "Chua, Zheng Yuan Terry"]
[Result "1-0"]
[WhiteElo "2295"]
[BlackElo "2256"]
[PlyCount "123"]
[EventDate "2009.11.12"]
[EventType "swiss"]
[EventRounds "11"]
[EventCountry "TUR"]
[SourceTitle "EXT 2010"]
[Source "ChessBase"]
[SourceDate "2010.11.25"]
[SourceVersion "1"]
[SourceVersionDate "2010.11.25"]
[SourceQuality "1"]

1. e4 c5 2. Nf3 d6 3. d4 cxd4 4. Nxd4 Nf6 5. Nc3 g6 6. Be3 a6 7. f3 Nbd7 8. Bc4 Bg7 9. Qd2 h6 10. 0-0-0 b5 11. Bb3 Bb7 12. Kb1 Rc8 13. g4 Ne5 14. h4 h5 15. gxh5 Nxh5 16. Rhg1 Nc4 17. Bxc4 Rxc4 18. Nce2 Qc8 19. c3 d5 20. exd5 Bxd5 21. Nxb5 Bxf3 22. Nbd4 Be4+ 23. Ka1 0-0 24. Bh6 e5 25. Bxg7 Kxg7 26. Nb3 a5 27. Qg5 Kh7 28. Nd2 a4 29. Nxc4 Qxc4 30. Qxe5 a3 31. Nc1 axb2+ 32. Kxb2 Bf5 33. Rd4 Qc6 34. Re1 Rc8 35. Qe3 Nf6 36. Nb3 Nd7 37. Rb4 Qg2+ 38. Re2 Qf1 39. Nc1 Nf6 40. Qe7 Kg7 41. Rb7 Rf8 42. a4 Bc8 43. Ra7 Bg4 44. Rd2 Qf4 45. Nb3 Bf3 46. Qb4 Qg3 47. Ra5 Re8 48. Qd4 Re4 49. Qf2 Qg4 50. Rd4 Bd1 51. Rxe4 Qxe4 52. Qd2 Bg4 53. Qd4 Qg2+ 54. Ka3 Be6 55. Rb5 Qf1 56. Rc5 Kh7 57. c4 Qf3 58. Re5 Qc6 59. Nc5 Bf5 60. a5 Qc7 61. Nb3 Qc6 62. Qb6 1-0

[Event "Wch U16"]
[Site "Kemer"]
[Date "2009.11.20"]
[Round "9"]
[White "Seegert, Kristian"]
[Black "Chua, Zheng Yuan Terry"]
[Result "0-1"]
[WhiteElo "2129"]
[BlackElo "2256"]
[PlyCount "134"]
[EventDate "2009.11.12"]
[EventType "swiss"]
[EventRounds "11"]
[EventCountry "TUR"]
[SourceTitle "EXT 2010"]
[Source "ChessBase"]
[SourceDate "2010.11.25"]
[SourceVersion "1"]
[SourceVersionDate "2010.11.25"]
[SourceQuality "1"]

1. e4 c5 2. Nf3 d6 3. d4 cxd4 4. Nxd4 Nf6 5. Nc3 g6 6. Be3 a6 7. f3 Bg7 8. Bc4 Nbd7 9. Qd2 h6 10. 0-0-0 b5 11. Bb3 Bb7 12. Rhe1 Rc8 13. g4 Nc5 14. Kb1 Nfd7 15. h4 h5 16. g5 0-0 17. Bg1 b4 18. Na4 a5 19. Nxc5 Nxc5 20. Qe3 Qc7 21. Bd5 Ba6 22. e5 dxe5 23. Nc6 Na4 24. Qb3 e6 25. Be4 Nb6 26. Bxb6 Qxb6 27. Ne7+ Kh7 28. Nxc8 Rxc8 29. Rd7 Kg8 30. Qe3 Qb8 31. Qa7 Qxa7 32. Rxa7 Bc4 33. Rxa5 Rd8 34. b3 Bd5 35. Rd1 Kh7 36. Bxd5 f6 37. Kc1 exd5 38. Raxd5 Ra8 39. Rd7 fxg5 40. Rb7 gxh4 41. Rdd7 Rg8 42. Rxb4 g5 43. Kd1 Kg6 44. Ke2 Rf8 45. Rd6+ Kf5 46. Rd1 Rc8 47. Rb7 Rxc2+ 48. Kd3 Rc6 49. Rh1 Bf6 50. a4 Kf4 51. Rf7 Kg3 52. Ke4 h3 53. Rh7 Kg2 54. Rd1 h4 55. Rhd7 Rc2 56. R1d2+ Rxd2 57. Rxd2+ Kg3 58. a5 Be7 59. a6 Bc5 60. b4 Bg1 61. Rd1 h2 62. Kxe5 h1Q 63. a7 Qxf3 64. Rxg1+ Kh2 65. Rxg5 Qe3+ 66. Kf5 Qxa7 67. Rg4 h3 0-1

[Event "Wch U16"]
[Site "Kemer"]
[Date "2009.11.16"]
[Round "5"]
[White "Chua, Zheng Yuan Terry"]
[Black "Arribas Lopez, Angel"]
[Result "1/2-1/2"]
[WhiteElo "2256"]
[BlackElo "2461"]
[PlyCount "85"]
[EventDate "2009.11.12"]
[EventType "swiss"]
[EventRounds "11"]
[EventCountry "TUR"]
[SourceTitle "EXT 2010"]
[Source "ChessBase"]
[SourceDate "2010.11.25"]
[SourceVersion "1"]
[SourceVersionDate "2010.11.25"]
[SourceQuality "1"]

1. e4 c5 2. Nf3 Nf6 3. e5 Nd5 4. Nc3 e6 5. Nxd5 exd5 6. d4 Nc6 7. Bd3 c4 8. Be2 d6 9. 0-0 h6 10. b3 cxb3 11. axb3 Be6 12. Ba3 dxe5 13. Bxf8 Kxf8 14. Nxe5 Nxe5 15. dxe5 Qb6 16. Kh1 g5 17. Qd2 Rc8 18. f4 gxf4 19. Qxf4 Ke7 20. c4 d4 21. Rad1 Rcd8 22. Bg4 Rh7 23. Bxe6 fxe6 24. Qe4 Rg7 25. Qh4+ Rg5 26. Qxh6 Rdg8 27. Rf8 Rxf8 28. Qxg5+ Ke8 29. Qg6+ Ke7 30. Qg5+ Ke8 31. Qh5+ Kd7 32. Qg4 Kc8 33. h4 Rd8 34. Qh3 Kb8 35. Rd3 Rg8 36. Qf3 Qa5 37. Qe4 Qa2 38. Kh2 Qf2 39. Rxd4 Qg3+ 40. Kg1 Qxb3 41. Qd3 Qb6 42. Kh1 Rh8 43. g3 1/2-1/2

[Event "Wch U16"]
[Site "Kemer"]
[Date "2009.11.13"]
[Round "2"]
[White "Swiercz, Dariusz"]
[Black "Chua, Zheng Yuan Terry"]
[Result "1-0"]
[WhiteElo "2493"]
[BlackElo "2256"]
[PlyCount "79"]
[EventDate "2009.11.12"]
[EventType "swiss"]
[EventRounds "11"]
[EventCountry "TUR"]
[SourceTitle "EXT 2010"]
[Source "ChessBase"]
[SourceDate "2010.11.25"]
[SourceVersion "1"]
[SourceVersionDate "2010.11.25"]
[SourceQuality "1"]

1. e4 c5 2. Nf3 d6 3. d4 cxd4 4. Nxd4 Nf6 5. Nc3 g6 6. Be2 Bg7 7. 0-0 0-0 8. Bg5 Nc6 9. Nb3 Be6 10. Qd2 Rc8 11. Rad1 Ne5 12. Rfe1 a6 13. Nd4 Bc4 14. b3 Bxe2 15. Rxe2 Re8 16. Nd5 Nxd5 17. exd5 Rc5 18. c4 b5 19. f4 Ng4 20. Nc6 Qb6 21. Kh1 e6 22. h3 Nf6 23. Qd3 h6 24. Bh4 exd5 25. Rxe8+ Nxe8 26. Ne7+ Kh8 27. Nxd5 bxc4 28. bxc4 Qc6 29. Ne3 Rh5 30. Bf2 Rxh3+ 31. Kg1 Rh5 32. Nd5 Qd7 33. Bd4 Qg4 34. Bxg7+ Kxg7 35. Qc3+ f6 36. Re1 Qc8 37. Re7+ Kf8 38. Qe3 Rf5 39. Rh7 Qd8 40. Qe6 1-0

[Event "Singapore 9th"]
[Site "Singapore"]
[Date "2009.06.26"]
[Round "11"]
[White "Nguyen, Thi Thuan Hoa"]
[Black "Chua, Zheng Yuan Terry"]
[Result "1/2-1/2"]
[WhiteElo "2205"]
[BlackElo "2250"]
[PlyCount "124"]
[EventDate "2009.06.21"]
[EventType "tourn"]
[EventRounds "11"]
[EventCountry "SIN"]
[EventCategory "2"]
[SourceTitle "CBM 131 Extra"]
[Source "ChessBase"]
[SourceDate "2009.09.03"]
[SourceVersion "2"]
[SourceVersionDate "2009.09.16"]
[SourceQuality "1"]

1. e4 e6 2. d4 d5 3. Nd2 Nf6 4. e5 Nfd7 5. Bd3 c5 6. c3 Nc6 7. Ne2 Qb6 8. Nf3 cxd4 9. cxd4 f6 10. exf6 Nxf6 11. 0-0 Bd6 12. a3 Bd7 13. Nc3 Nxd4 14. Nxd4 Qxd4 15. Nb5 Qe5 16. g3 Bxb5 17. Bxb5+ Ke7 18. Bf4 Qxb2 19. Bxd6+ Kxd6 20. Rb1 Qxa3 21. Re1 Ke7 22. Rb3 Qd6 23. Rbe3 Rhf8 24. Qd4 b6 25. Bd3 Kf7 26. Rxe6 Qxe6 27. Rxe6 Kxe6 28. g4 g6 29. h3 Rae8 30. f4 Kd6 31. f5 g5 32. Qc3 Rc8 33. Qa3+ Rc5 34. Qxa7 Nd7 35. Qa3 Ne5 36. Qb3 b5 37. Qa3 b4 38. Qa6+ Rc6 39. Qb5 Rc5 40. Qa6+ Rc6 41. Qb5 Nxd3 42. Qxd3 Rc1+ 43. Kg2 Ra8 44. Qg3+ Kc6 45. Qb3 Rc3 46. Qb2 d4 47. f6 b3 48. Qb1 Ra2+ 49. Kg1 Rac2 50. f7 Rc1+ 51. Qxc1 Rxc1+ 52. Kg2 Rc2+ 53. Kf3 Rc3+ 54. Kf2 Rc2+ 55. Kf3 b2 56. f8Q b1Q 57. Qc8+ Kd6 58. Qd8+ Kc6 59. Qc8+ Kd5 60. Qg8+ Ke5 61. Qe8+ Kf6 62. Qf8+ Ke6 1/2-1/2

[Event "ASEAN-ch U20 10th"]
[Site "Hue"]
[Date "2009.06.09"]
[Round "4"]
[White "Chua, Zheng Yuan Terry"]
[Black "Nguyen, Dinh Quang"]
[Result "0-1"]
[WhiteElo "2250"]
[BlackElo "2046"]
[PlyCount "142"]
[EventDate "2009.06.07"]
[EventType "swiss"]
[EventRounds "9"]
[EventCountry "VIE"]
[SourceTitle "EXT 2010"]
[Source "ChessBase"]
[SourceDate "2010.11.25"]
[SourceVersion "1"]
[SourceVersionDate "2010.11.25"]
[SourceQuality "1"]

1. e4 e5 2. Nf3 Nc6 3. Bb5 a6 4. Ba4 Nf6 5. 0-0 b5 6. Bb3 Be7 7. Re1 0-0 8. h3 d6 9. a3 h6 10. Nc3 Re8 11. d3 Bf8 12. Be3 Be6 13. Nd5 Bxd5 14. exd5 Ne7 15. c4 bxc4 16. dxc4 Nf5 17. Ba4 Nxe3 18. Rxe3 Nd7 19. b4 Qc8 20. Qd3 g6 21. Rae1 Bg7 22. Nd4 Kh7 23. h4 h5 24. Nf3 Re7 25. Ng5+ Kg8 26. Rc1 Nf6 27. c5 Qg4 28. Rc4 e4 29. Nxe4 Qxh4 30. Rh3 Qf4 31. Rf3 Qe5 32. Nxf6+ Bxf6 33. g3 Qa1+ 34. Kg2 Re1 35. Re3 Rg1+ 36. Kf3 Bg5 37. Ree4 Qf6+ 38. Ke2 Ra1 39. f4 Bh6 40. Qc3 Ra2+ 41. Bc2 Qf5 42. Qb3 Ra1 43. Rc3 Qh3 44. Rf3 Qg2+ 45. Rf2 Qh1 46. Qd3 Qc1 47. a4 Ra2 48. Kf3 Ra3 49. Bb3 dxc5 50. Kg2 Ra1 51. Rf1 Qxf1+ 52. Qxf1 Rxf1 53. Kxf1 Bf8 54. Ke2 cxb4 55. Kd3 Bd6 56. Re1 Kg7 57. Kd4 Kf6 58. Re2 Kf5 59. Re3 Rh8 60. Bc2+ Kf6 61. a5 h4 62. Kc4 h3 63. Be4 Re8 64. Kd4 h2 65. Re1 g5 66. Rh1 Rh8 67. Ke3 gxf4+ 68. gxf4 Rh3+ 69. Bf3 Bc5+ 70. Ke2 Bg1 71. Bg4 Ra3 0-1

[Event "SIN-ch"]
[Site "Singapore"]
[Date "2009.01.08"]
[Round "7"]
[White "Chua, Zheng Yuan Terry"]
[Black "Chua, Xing Jian Graham"]
[Result "0-1"]
[WhiteElo "2215"]
[BlackElo "2211"]
[PlyCount "92"]
[EventDate "2009.01.03"]
[EventType "swiss"]
[EventRounds "9"]
[EventCountry "SIN"]
[SourceTitle "CBM 128 Extra"]
[Source "ChessBase"]
[SourceDate "2009.03.05"]
[SourceVersion "2"]
[SourceVersionDate "2009.03.25"]
[SourceQuality "1"]

1. e4 c5 2. Nf3 Nc6 3. Bb5 Nf6 4. Nc3 Qc7 5. 0-0 Nd4 6. Bc4 a6 7. a4 d6 8. h3 e5 9. d3 h6 10. Nxd4 cxd4 11. Ne2 Nxe4 12. Bxf7+ Qxf7 13. dxe4 Qg6 14. Qd3 d5 15. exd5 Bf5 16. Qg3 Qxg3 17. Nxg3 Bxc2 18. Re1 0-0-0 19. Rxe5 Bd6 20. Re2 d3 21. Re3 Bc5 22. Re4 Rxd5 23. Rc4 Kb8 24. Bd2 Bd4 25. Re1 Rf8 26. Re7 Bxf2+ 27. Kh2 Bc5 28. Rxg7 Bb3 29. Rh4 h5 30. Ne4 Bd4 31. Rh7 Rdf5 32. Rxb7+ Kxb7 33. Nd6+ Kc6 34. Nxf5 Be5+ 35. Ng3 Rg8 36. Rf4 Bxf4 37. Bxf4 Bd5 38. h4 Rg4 39. Bd2 Rxh4+ 40. Kg1 Rg4 41. Kf2 h4 42. Nf5 Rxg2+ 43. Ke1 h3 44. Ne7+ Kd7 45. Nxd5 h2 46. Nf6+ Ke6 0-1